000 01966nam a2200457 i 4500
001 196993
003 ES-MaACL
005 20250809063550.0
008 250218s2010 sp | |||| 001 0 spa
015 _aMON10
017 _aSE 5932-2010
_bOficina Depósito Legal Sevilla
020 _a9788467641974
035 _a(OCoLC)733611677
035 _a(SpMaBN)a4997871
040 _aSpMaBN
_bspa
_cSpMaBN
_erdc
080 _a929 Usoz y Río, Luis de
080 _a929 Wiffen, Benjamin Barron
080 _a098.1(460)
100 1 _aUsoz y Río, Luis de,
_d1805-1865
_9112313
_eaut
243 1 0 _aCorrespondencia
245 1 3 _aEl primer hispanismo británico en la formación y contenidos de la más importante biblioteca española de libros prohibidos :
_bcorrespondencia inédita de Luis de Usoz con Benjamin B. Wiffen (1840-1850) /
_c[edición], Juan B. Vilar, Mar Vilar.
250 _aPrimera edición
260 _aSantiponce, Sevilla :
_bCimpe ;
_aAlcalá de Guadaíra, Sevilla :
_bMAD,
_cD.L. 2010
300 _a522 páginas ;
_c21 cm
336 _2rdacontent
_atexto
337 _2rdamedia
_asin mediación
338 _2rdacarrier
_avolumen
490 1 _aEduforma. Colección Eduforma historia. Investigación y memoria ;
_v1
504 _aBibliografía: páginas 473-508. Índices
600 1 4 _aUsoz y Río, Luis de,
_d1805-1865
_2embne
_9112313
600 1 7 _aWiffen, Benjamin B.,
_d1794-1867
_9148076
650 7 _aLibros prohibidos-
_zEspaña
_9145979
700 1 _aWiffen, Benjamin B.,
_d1794-1867
_9148076
_eaut
700 1 _aVilar, Juan Bautista,
_d1941-2018
_9114797
_epbl
700 1 _aVilar García, Mar
_9114808
_epbl
852 _aES-MaACL
_cDEPOJ
_jN-10365
_xEncuadernación rústica
_9206487
_hDonación: Editorial
942 _cMONOGRAFIA
_n0
999 _c196993
_d196993